| 000 | 00902nam a2200229Ii 4500 | ||
|---|---|---|---|
| 003 | JO-AjNU | ||
| 008 | 230605s9999||||xx |||||||||||||| ||und|| | ||
| 017 | _a2005/2/321 | ||
| 020 | _a9957-16-066-4 | ||
| 040 |
_aJO-AjNU _bara _erda _cJO-AjNU |
||
| 041 | _aara | ||
| 050 | 1 | 4 | _aKZ6471.I486.2014 |
| 100 | 3 |
_aتأليف علوان ، محمد يوسف ؛ م.مشارك محمد خليل الموسى, _eauthor _950799 |
|
| 245 | 0 | 0 | _aالقانون الدولي لحقوق الإنسان : المصادر ووسائل الرقابة ، الجزء الاول |
| 250 | _aط5 | ||
| 264 | 3 | 1 | _aعمان : دار الثقافة ، 2014 |
| 300 | _aج1 ، 333ص | ||
| 336 |
_atext _btxt _2rdacontent |
||
| 337 |
_aunmediated _bn _2rdamedia |
||
| 338 |
_avolume _bnc _2rdacarrier |
||
| 650 | 4 |
_aالقانون الدولي الانساني -- حقوق الإنسان -- القانون الدولي _950800 |
|
| 999 |
_aA22399 _c25967 _d25967 |
||